[Pamätný pomník Svetozára Hurbana Vajanského v Martine]

Zobrazenie: Pamätný pomník Svetozára Hurbana Vajanského pred druhou budovou Matice slovenskej v Martine. Na obr.: autor sochy František Úprka pri inštalácii pomníka.

Bibliographic Details
Other Authors: Uprka, Franta, 1868-1929 (Sculptor)
Format: Photo
Language:Slovak
PhysicalDescription:1 fotografia čb 8 x 6 cm
Published: [S.l. s.n. s.a.]
Subjects:

MARC

LEADER 00000nkmaa2200000 a 4500
001 vtls011594018
003 SK-MaSNL
005 20260426005906.0
007 kh bo
008 230802n xo | |||0 k|slo
035 |a 7489EF64-19C2-417D-A752-8D2B8BF10376 
035 |a urn:nbn:sk:snk-km3m1m0 
035 |a urn:nbn:sk:snk-km00e4h8 
040 |a SNKLA  |b slo  |c SNKLA  |e AACR2 
041 0 |a slo 
044 |a xo  |c SK 
245 0 0 |a [Pamätný pomník Svetozára Hurbana Vajanského v Martine]  |h grafika 
260 |a [S.l.  |b s.n.  |c s.a.] 
300 |a 1 fotografia  |b čb  |c 8 x 6 cm 
520 2 |a Zobrazenie: Pamätný pomník Svetozára Hurbana Vajanského pred druhou budovou Matice slovenskej v Martine. Na obr.: autor sochy František Úprka pri inštalácii pomníka. 
600 1 7 |a Vajanský, Svetozár Hurban,  |d 1847-1916  |2 SNKMA  |9 110614 
600 1 7 |a Uprka, Franta,  |d 1868-1929  |2 SNKLA  |9 131475 
610 2 7 |a Matica slovenská  |2 SNKKA  |9 14662 
650 0 7 |a pamätné pomníky  |2 SNKLA  |9 312239 
651 7 |a Martin (Slovensko)  |2 SNKPH  |9 16875 
655 7 |a fotografie  |2 SNKPH  |9 70713 
700 1 |a Uprka, Franta,  |d 1868-1929  |4 scl  |9 131475 
852 |a Slovenská národná knižnica  |b Literárny archív 
852 7 |a Slovenská národná knižnica v Martine  |b Literárny archív 
958 |a ZO 
958 |a BLA 
999 |c 1019621  |d 1021551 
952 |a SNKLA  |b SNKLA  |c SNKLA_DEP  |y NEVYP  |7 0  |p 17A1191570  |o snkK 23/54  |i snkLA 300/2012  |0 0  |1 0  |4 0  |d 2016-11-21  |f 1  |l 0  |r 2026-02-24 13:20:10  |w 2026-02-24